000 01066nam a22003137a 4500
003 CHAP
005 20220329143503.0
008 100126s1991 mx a r 00010 spa d
010 _a97390
011 _a98362
035 _a109047
040 _cCHAP
090 _aFolleto 17507
100 0 0 _aGarcía M., María del Rosario.
_946238
245 1 0 _aManual de laboratorio de quimica orgánica
_c/por Rosario García M. y Socorro Ramírez J.
260 _aChapingo, Méx. :
_bUACH. Preparatoria Agrícola,
_c1991
300 _a43 p.
590 _aBATCH-UPD
_b10
_c20130110
_lUCH01
_h1521
590 _aBATCH-UPD
_b10
_c20130410
_lUCH01
_h0933
590 _aBATCH-UPD
_b10
_c20130904
_lUCH01
_h1115
590 _aBATCH-UPD
_b10
_c20130914
_lUCH01
_h1533
590 _aCONVERSION
_b10
_c20130109
_lUCH01
_h1354
650 1 4 _aQuímica orgánica
_xManuales de laboratorio.
_993601
700 0 _aRamirez Jimenez, Maria del Socorro.
_9175471
901 _aBK
911 _aen proceso
942 _cFOLL
949 _aFolleto 17507
_bBC
_cUACH
_d33724002119165
_eTS1
_gI.c/e
_i109047
_sb
999 _c97390
_d97390